Statistics for Leonard Cohen Songs

Click here to take the quiz!

General Stats

  • This quiz has been taken 41 times
  • The average score is 31 of 134

Answer Stats

% Correct
I'm Your Man
90%
Songs of Leonard CohenSuzanne
85%
Famous Blue Raincoat
80%
You Want It Darker
80%
Recent SongsSo Long, Marianne
80%
Tower of Song
75%
Hallelujah
70%
Who by Fire
65%
Dear HeatherBird on the Wire
65%
Take this Waltz
65%
Dear Heather
65%
Death of a Ladies' ManSisters of Mercy
65%
You Want It DarkerThe Partisan
60%
First We Take Manhattan
60%
Joan of Arc
55%
Everybody Knows
55%
Dance Me to the End of Love
50%
Chelsea Hotel #2
45%
Lover Lover Lover
45%
The Future
45%
Treaty
45%
String Reprise / Treaty
45%
Leaving the Table
45%
Jazz Police
45%
Closing Time
40%
Take This Longing
40%
Democracy
40%
Avalanche
40%
In My Secret Life
35%
Old IdeasStory of Isaac
35%
Various PositionsHey, That's No Way to Say Goodbye
35%
Ain't No Cure for Love
35%
Death of a Ladies' Man
35%
Don't Go Home with Your Hard-On
35%
I Can't Forget
35%
Lady Midnight
35%
Anthem
35%
Songs of Love and HateWinter Lady
30%
Ten New SongsOne of Us Cannot Be Wrong
30%
Last Year's Man
30%
Diamonds in the Mine
30%
A Thousand Kisses Deep
30%
Iodine
30%
Boogie Street
25%
Coming Back to You
25%
Songs from a RoomMaster Song
25%
The FutureTeachers
25%
Traveling Light
25%
If It Be Your Will
25%
New Skin for the Old CeremonyThe Stranger Song
25%
Dress Rehearsal Rag
25%
Field Commander Cohen
25%
Sing Another Song, Boys
25%
I'm Your ManStories of the Street
20%
Hunter's Lullaby
20%
Waiting for a Miracle
20%
Amen
20%
You Have Loved Enough
20%
Darkness
20%
Paper Thin Hotel
20%
It Seemed the Better Way
20%
The Lost Canadian
20%
Tonight Will Be Fine
15%
The Butcher
15%
The Gypsy's Wife
15%
Villanelle for Our Time
15%
Alexandra Leaving
15%
The Old Revolution
15%
Leaving Green Sleeves
15%
Steer Your Way
15%
Seems So Long Ago, Nancy
15%
Almost Like the Blues
15%
Heart with No Companion
15%
The Captain
15%
On the Level
15%
The Law
15%
If I Didn't Have Your Love
15%
Came So Far for Beauty
10%
The Land of Plenty
10%
Love Calls You by Your Name
10%
Nightingale
10%
Come Healing
10%
Banjo
10%
Love Itself
10%
Slow
10%
Different Sides
10%
My Oh My
10%
Popular ProblemsA Bunch of Lonesome Heroes
10%
The Window
10%
Night Comes On
10%
True Love Leaves No Traces
10%
Ballad of the Absent Mare
10%
The Guests
10%
The Traitor
10%
Our Lady of Solitude
10%
Is This What You Wanted
10%
Memories
5%
I Left a Woman Waiting
5%
Lullaby
5%
A Singer Must Die
5%
Samson in New Orleans
5%
Crazy to Love You
5%
Fingerprints
5%
Humbled in Love
5%
You Know Who I Am
5%
By the Rivers Dark
5%
Nevermind
5%
The Smokey Life
5%
Did I Ever Love You
5%
Anyhow
5%
Undertow
5%
Morning Glory
5%
On that Day
5%
The Letters
5%
Because of
5%
Here It Is
5%
That Don't Make It Junk
5%
Light as the Breeze
5%
There for You
5%
Tennessee Waltz
5%
Going Home
5%
Show Me the Place
5%
To a Teacher
5%
The Faith
5%
Go No More a-Roving
0%
Tacoma Trailer
0%
There Is a War
0%
Why Don't You Try
0%
I Tried to Leave You
0%
Be for Real
0%
Born in Chains
0%
A Street
0%
Always
0%
You Got Me Singing
0%

Score Distribution

Percentile by Number Answered

Percent of People with Each Score

Your Score History

You have not taken this quiz